Financial Accounting : (Record no. 157091)

MARC details
000 -LEADER
fixed length control field 00841nam a2200277 a 4500
008 - FIXED-LENGTH DATA ELEMENTS--GENERAL INFORMATION
fixed length control field
020 ## - INTERNATIONAL STANDARD BOOK NUMBER
International Standard Book Number 0030598710 (hbk.)
020 ## - INTERNATIONAL STANDARD BOOK NUMBER
International Standard Book Number 0030452961 (hbk.)
049 ## - LOCAL HOLDINGS (OCLC)
Holding library MAIN
090 ## - LOCALLY ASSIGNED LC-TYPE CALL NUMBER (OCLC); LOCAL CALL NUMBER (RLIN)
Classification number (OCLC) (R) ; Classification number, CALL (RLIN) (NR) HF5635
003 - CONTROL NUMBER IDENTIFIER
control field
005 - DATE AND TIME OF LATEST TRANSACTION
control field 20230123133929.0
040 ## - CATALOGING SOURCE
Transcribing agency NUST
100 1# - MAIN ENTRY--PERSONAL NAME
Personal name Davidson, Sidney.
245 10 - TITLE STATEMENT
Title Financial Accounting :
Remainder of title an introduction to concepts, methods and uses /
Statement of responsibility, etc. Sidney Davidson, Clyde P. Steckney and Roman L. Weil.
250 ## - EDITION STATEMENT
Edition statement 2nd ed.
260 ## - PUBLICATION, DISTRIBUTION, ETC.
Place of publication, distribution, etc. Hinsdale, Ill. :
Name of publisher, distributor, etc. The Dryden Press,
Date of publication, distribution, etc. c1979.
300 ## - PHYSICAL DESCRIPTION
Extent viii, 695p. :
Other physical details charts ;
Dimensions 24cm.
500 0# - GENERAL NOTE
General note Inludes index.
650 #0 - SUBJECT ADDED ENTRY--TOPICAL TERM
Topical term or geographic name entry element Accounting.
650 #0 - SUBJECT ADDED ENTRY--TOPICAL TERM
Topical term or geographic name entry element Financial statements.
700 1# - ADDED ENTRY--PERSONAL NAME
Personal name Stickney, Clyde P.
700 1# - ADDED ENTRY--PERSONAL NAME
Personal name Weil, Roman L.
907 ## - LOCAL DATA ELEMENT G, LDG (RLIN)
a .b10153718
b 18-07-11
c 23-02-05
942 ## - ADDED ENTRY ELEMENTS (KOHA)
Koha item type Ordinary Loan Books
Call number prefix HF5635
Holdings
Date last seen Total Checkouts Full call number Barcode Cost, replacement price Price effective from Koha item type Lost status Source of classification or shelving scheme Damaged status Not for loan Collection Withdrawn status Home library Current library Shelving location Date acquired Cost, normal purchase price
01/23/2023 7 HF5635 DAV 92003022581 80.00 01/23/2023 BOOKS   LCC     NFIC   MAIN MAIN GEN 01/23/2023 80.00